| 000 | 00422 a2200157 4500 | ||
|---|---|---|---|
| 999 |
_c12452 _d12452 |
||
| 003 | OSt | ||
| 005 | 20240117122513.0 | ||
| 008 | 240117b ||||| |||| 00| 0 eng d | ||
| 020 | _a9780367659011 | ||
| 082 |
_a624.154 _bTOM |
||
| 100 |
_aTomlinson, M. J. _q(Michael John) |
||
| 245 | _aPile design and construction practice | ||
| 260 |
_bCRC Press; 6th edition _c2020 |
||
| 700 |
_aWoodward, John, _d1936- |
||
| 942 | _2ddc | ||